|
|
|
|
| LEADER |
00000nam0a2200000 4500 |
| 001 |
250312 |
| 005 |
20231101232543.0 |
| 010 |
|
|
|a 5785500531
|
| 020 |
|
|
|a RU
|b 89-1940
|
| 035 |
|
|
|a (RuTPU)RU\TPU\book\272499
|
| 090 |
|
|
|a 250312
|
| 100 |
|
|
|a 20140212d1988 m y0rusy5003 ca
|
| 101 |
0 |
|
|a rus
|
| 102 |
|
|
|a BY
|
| 105 |
|
|
|a y z 000zy
|
| 200 |
1 |
|
|a Лектор в студенческой аудитории
|e проблемы общения
|f И. И. Серова
|
| 210 |
|
|
|a Минск
|c Университетское
|d 1988
|
| 215 |
|
|
|a 68,[2] с.
|
| 606 |
1 |
|
|a Лекции
|x Высшее образование
|2 stltpush
|3 (RuTPU)RU\TPU\subj\73092
|9 86300
|
| 610 |
1 |
|
|a методика
|
| 610 |
1 |
|
|a общественные науки
|
| 610 |
1 |
|
|a обучение
|
| 610 |
1 |
|
|a преподавание
|
| 610 |
1 |
|
|a вузы
|
| 610 |
1 |
|
|a словесные методы
|
| 686 |
|
|
|a Ч481.25
|2 rubbk
|
| 700 |
|
1 |
|a Серова
|b И. И.
|g Ирина Ивановна
|
| 801 |
|
0 |
|a RU
|b RuMRKP
|c 19950417
|g psbo
|
| 801 |
|
1 |
|a RU
|b 63413507
|c 20140212
|
| 801 |
|
2 |
|a RU
|b 63413507
|c 20140225
|g RCR
|
| 942 |
|
|
|c BK
|